000 00268nam a22001097a 4500
082 _a423 COL'P
100 _aPARR, D.K,WEEKLEY, E
_960495
245 _aCOLLINS SENIOR (ETYMOLOGICAL) DICTIONARY
260 _aLONDON
_bCOLLINS
_c1933
300 _aVIII, 280P
942 _cBK
999 _c570201
_d570201